| 000 | 01240naa a22003617a 4500 | ||
|---|---|---|---|
| 001 | BR7000251 | ||
| 003 | BR-BrBNA | ||
| 005 | 20240918173357.0 | ||
| 007 | ta | ||
| 008 | 230509b bl.||||| |||| 00| 0 por d | ||
| 040 |
_aBR-BrBNA _bpor _cBiblioteca Nacional de Agricultura |
||
| 041 | _a(Pt) | ||
| 072 |
_aL70; L00 _b5300 _bG514 |
||
| 090 | _aL70 BR7000251 | ||
| 100 | 1 | _aRodrigues, A.J. | |
| 100 | 1 | _aGorni, M. | |
| 100 | 1 | _aAlmeida, M.A.C. de | |
| 100 | 1 | _aLeitao, P.J.P. | |
| 100 | 1 | _aKalil, E.B. | |
| 111 | 1 |
_a4. Seminario Nacional do Porco Carne _cFlorianopolis, SC (Brazil) _d9 Sep 1970 |
|
| 245 | 1 | _aEfeito da idade de castracao no desenvolvimento e producao dos suinos [Producao animal; Sao Paulo; Brasil] | |
| 260 | 3 |
_aFlorianopolis, SC (Brasil): _c1970. |
|
| 500 | _aAnais. 4. Seminario Nacional do Porco Carne Florianopolis, SC (Brasil): 1970. p. 93-103 (BR7000251-AM)L70 | ||
| 650 | _aVeterinaria | ||
| 650 | _aProducao animal | ||
| 650 | _aSuino | ||
| 650 | _aCastracao | ||
| 650 | _aEngorda | ||
| 650 | _aSao Paulo | ||
| 773 | 0 |
_tAnais. 4. Seminario Nacional do Porco Carne _wL70 BR7000251 _gFlorianopolis, SC (Brasil), 1970. p. 93-103 |
|
| 909 |
_a202404 _bLucia _c55 _dLucia Elande |
||
| 942 |
_cAM _2AGRIS |
||
| 999 |
_c304273 _d304273 |
||